Insuficiencia cardiaca 2019. Reflexiones de las Revistas de las Sociedades Nacionales de Cardiología

Elmentve itt :
Bibliográfiai részletek
Szerzők: Gatzov Plamen
Monsuez Jean-Jacques
Ágoston Gergely
Aschermann Michael
Mahfouz Badran Hala
Cohen Ariel
Huber Kurt
Shlyakhto Evgeny
Ural Dilek
Ferreira-González Ignacio
Alfonso Fernando
Dokumentumtípus: Cikk
Megjelent: 2021
Sorozat:REC: INTERVENTIONAL CARDIOLOGY 3 No. 4
Tárgyszavak:
doi:10.24875/RECIC.M21000213

mtmt:32152357
Online Access:http://publicatio.bibl.u-szeged.hu/26789
LEADER 01109nab a2200325 i 4500
001 publ26789
005 20230322135107.0
008 230322s2021 hu o 0|| Spanyol d
022 |a 2604-7276 
024 7 |a 10.24875/RECIC.M21000213  |2 doi 
024 7 |a 32152357  |2 mtmt 
040 |a SZTE Publicatio Repozitórium  |b hun 
041 |a Spanyol 
100 1 |a Gatzov Plamen 
245 1 0 |a Insuficiencia cardiaca 2019. Reflexiones de las Revistas de las Sociedades Nacionales de Cardiología  |h [elektronikus dokumentum] /  |c  Gatzov Plamen 
260 |c 2021 
300 |a S1-S3 
490 0 |a REC: INTERVENTIONAL CARDIOLOGY  |v 3 No. 4 
650 4 |a Klinikai orvostan 
700 0 1 |a Monsuez Jean-Jacques  |e aut 
700 0 1 |a Ágoston Gergely  |e aut 
700 0 1 |a Aschermann Michael  |e aut 
700 0 1 |a Mahfouz Badran Hala  |e aut 
700 0 1 |a Cohen Ariel  |e aut 
700 0 1 |a Huber Kurt  |e aut 
700 0 1 |a Shlyakhto Evgeny  |e aut 
700 0 1 |a Ural Dilek  |e aut 
700 0 2 |a Ferreira-González Ignacio  |e aut 
700 0 2 |a Alfonso Fernando  |e aut 
856 4 0 |u http://publicatio.bibl.u-szeged.hu/26789/1/REC.pdf  |z Dokumentum-elérés